000 00435pab a2200169 454500
008 180718b2009 xxu||||| |||| 00| 0 eng d
100 _aViebrock, Elke
245 _aSocial policy in Scotland since devolution: a review article
260 _c2009
300 _ap.419-30.
362 _aJul
650 _aScotland - Social policy
650 _aSocial policy
773 _aSocial Policy and Society
908 _aN
909 _a83269
999 _c83269
_d83269